|
|
|
|
| LEADER |
02170nam a22004695i 4500 |
| 001 |
978-3-540-45564-6 |
| 003 |
DE-He213 |
| 005 |
20190619081705.0 |
| 007 |
cr nn 008mamaa |
| 008 |
121227s2000 gw | s |||| 0|eng d |
| 020 |
|
|
|a 9783540455646
|9 978-3-540-45564-6
|
| 024 |
7 |
|
|a 10.1007/3-540-45564-7
|2 doi
|
| 040 |
|
|
|d GrThAP
|
| 050 |
|
4 |
|a TP248.13-248.65
|
| 072 |
|
7 |
|a TCB
|2 bicssc
|
| 072 |
|
7 |
|a SCI010000
|2 bisacsh
|
| 072 |
|
7 |
|a TCB
|2 thema
|
| 082 |
0 |
4 |
|a 660.6
|2 23
|
| 245 |
1 |
0 |
|a New Products and New Areas of Bioprocess Engineering
|h [electronic resource].
|
| 250 |
|
|
|a 1st ed. 2000.
|
| 264 |
|
1 |
|a Berlin, Heidelberg :
|b Springer Berlin Heidelberg :
|b Imprint: Springer,
|c 2000.
|
| 300 |
|
|
|a VII, 247 p. 39 illus.
|b online resource.
|
| 336 |
|
|
|a text
|b txt
|2 rdacontent
|
| 337 |
|
|
|a computer
|b c
|2 rdamedia
|
| 338 |
|
|
|a online resource
|b cr
|2 rdacarrier
|
| 347 |
|
|
|a text file
|b PDF
|2 rda
|
| 490 |
1 |
|
|a Advances in Biochemical Engineering/Biotechnology,
|x 0724-6145 ;
|v 68
|
| 505 |
0 |
|
|a Progress and Prospects of Ergot Alkaloid Research -- Antimicrobial Peptides of Lactic Acid Bacteria: Mode of Action, Genetics and Biosynthesis -- Biochemical Engineering Aspects of Solid State Bioprocessing -- Multistage Magnetic and Electrophoretic Extraction of Cells, Particles and Macromolecules -- Recovery of Proteins and Microorganisms from Cultivation Media by Foam Flotation.
|
| 650 |
|
0 |
|a Biotechnology.
|
| 650 |
|
0 |
|a Chemical engineering.
|
| 650 |
1 |
4 |
|a Biotechnology.
|0 http://scigraph.springernature.com/things/product-market-codes/C12002
|
| 650 |
2 |
4 |
|a Industrial Chemistry/Chemical Engineering.
|0 http://scigraph.springernature.com/things/product-market-codes/C27000
|
| 710 |
2 |
|
|a SpringerLink (Online service)
|
| 773 |
0 |
|
|t Springer eBooks
|
| 776 |
0 |
8 |
|i Printed edition:
|z 9783662147108
|
| 776 |
0 |
8 |
|i Printed edition:
|z 9783662147092
|
| 776 |
0 |
8 |
|i Printed edition:
|z 9783540673620
|
| 830 |
|
0 |
|a Advances in Biochemical Engineering/Biotechnology,
|x 0724-6145 ;
|v 68
|
| 856 |
4 |
0 |
|u https://doi.org/10.1007/3-540-45564-7
|z Full Text via HEAL-Link
|
| 912 |
|
|
|a ZDB-2-CMS
|
| 912 |
|
|
|a ZDB-2-BAE
|
| 950 |
|
|
|a Chemistry and Materials Science (Springer-11644)
|